Statistics for Countries of the World, Shortened

Click here to take the quiz!

General Stats

  • This quiz has been taken 16 times
  • The average score is 181 of 196

Answers on the Map

Answers color-coded by a green-red scale on the quiz's map according to % correct below.
 

Answer Stats

Country% Correct
Afghanistan
100%
Albania
100%
Algeria
100%
Argentina
100%
Armenia
100%
Azerbaijan
100%
Bahrain
100%
Belarus
100%
Belgium
100%
Benin
100%
Bolivia
100%
Bosnia and
Herzegovina
100%
Brazil
100%
Burkina Faso
100%
Burundi
100%
Cameroon
100%
Canada
100%
Cape Verde
100%
Central African Republic
100%
Chad
100%
Chile
100%
China
100%
Colombia
100%
Costa Rica
100%
Cuba
100%
Denmark
100%
Ecuador
100%
Egypt
100%
El Salvador
100%
Equatorial Guinea
100%
Eritrea
100%
Ethiopia
100%
Federated States of
Micronesia
100%
France
100%
Gabon
100%
Gambia
100%
Georgia
100%
Germany
100%
Ghana
100%
Guatemala
100%
Guinea
100%
Guinea-Bissau
100%
Guyana
100%
Honduras
100%
Iceland
100%
India
100%
Iran
100%
Iraq
100%
Ireland
100%
Italy
100%
Ivory Coast
100%
Jordan
100%
Kazakhstan
100%
Kenya
100%
Kosovo
100%
Kyrgyzstan
100%
Liberia
100%
Libya
100%
Madagascar
100%
Mali
100%
Mauritania
100%
Mexico
100%
Moldova
100%
Morocco
100%
Netherlands
100%
Nicaragua
100%
Niger
100%
Nigeria
100%
Norway
100%
Oman
100%
Pakistan
100%
Panama
100%
Paraguay
100%
Peru
100%
Portugal
100%
Qatar
100%
Russia
100%
Rwanda
100%
Samoa
100%
Saudi Arabia
100%
Senegal
100%
Serbia
100%
Sierra Leone
100%
Slovakia
100%
Somalia
100%
South Korea
100%
South Sudan
100%
Spain
100%
Sudan
100%
Suriname
100%
Sweden
100%
Syria
100%
Tajikistan
100%
Tanzania
100%
Togo
100%
Tunisia
100%
Turkey
100%
Turkmenistan
100%
Uganda
100%
Uzbekistan
100%
Venezuela
100%
Yemen
100%
Zambia
100%
Angola
92%
Austria
92%
Bahamas
92%
Bangladesh
92%
Belize
92%
Bhutan
92%
Botswana
92%
Bulgaria
92%
Cambodia
92%
Croatia
92%
Cyprus
92%
Czech Republic
92%
Democratic Republic
of the Congo
92%
Djibouti
92%
Dominica
92%
Dominican Republic
92%
Estonia
92%
Eswatini
92%
Finland
92%
Greece
92%
Haiti
92%
Israel
92%
Japan
92%
Kuwait
92%
Latvia
92%
Lebanon
92%
Lesotho
92%
Liechtenstein
92%
Lithuania
92%
Luxembourg
92%
Malawi
92%
Malta
92%
Mongolia
92%
Montenegro
92%
Mozambique
92%
Myanmar
92%
Namibia
92%
Nepal
92%
North Korea
92%
North Macedonia
92%
Poland
92%
Republic of the Congo
92%
Romania
92%
San Marino
92%
São Tomé and Príncipe
92%
Slovenia
92%
South Africa
92%
Switzerland
92%
Thailand
92%
Ukraine
92%
United Arab Emirates
92%
United Kingdom
92%
United States
92%
Uruguay
92%
Vietnam
92%
Zimbabwe
92%
Andorra
85%
Comoros
85%
Hungary
85%
Indonesia
85%
Laos
85%
Mauritius
85%
Monaco
85%
Seychelles
85%
Sri Lanka
85%
Vatican City
85%
Australia
77%
Jamaica
77%
Malaysia
77%
Maldives
77%
New Zealand
77%
Philippines
77%
Saint Lucia
77%
Saint Vincent and the
Grenadines
77%
Barbados
69%
Papua New Guinea
69%
Saint Kitts and Nevis
69%
Solomon Islands
69%
Taiwan
69%
Brunei
62%
Fiji
62%
Grenada
62%
Marshall Islands
62%
Palau
62%
Singapore
62%
Tonga
62%
Trinidad and Tobago
62%
East Timor
54%
Kiribati
54%
Nauru
54%
Tuvalu
54%
Vanuatu
54%
Antigua and Barbuda
46%

Score Distribution

Percentile by Number Answered

Percent of People with Each Score

Your Score History

You have not taken this quiz